Álvaro Siza (Record no. 5320)
[ view plain ]
| 000 -LEADER | |
|---|---|
| campo de control de longitud fija | 01610nam a22003377a 4500 |
| 003 - IDENTIFICADOR DE NÚMERO DE CONTROL | |
| campo de control | BO-EaUP |
| 005 - FECHA Y HORA DE LA ÚLTIMA TRANSACCIÓN | |
| campo de control | 20250819162818.0 |
| 008 - DATOS DE LONGITUD FIJA--INFORMACIÓN GENERAL | |
| campo de control de longitud fija | 250819b |||||||| |||| 00| 0 eng d |
| 020 ## - NÚMERO INTERNACIONAL ESTÁNDAR DEL LIBRO | |
| Número Internacional Estándar del Libro | 84-252-2008-4 |
| 040 ## - FUENTE DE CATALOGACIÓN | |
| Centro catalogador/agencia de origen | |
| Lengua de catalogación | spa |
| Centro/agencia transcriptor | ARQUITECTURA |
| 041 ## - CÓDIGO DE IDIOMA | |
| Código de lengua del texto/banda sonora o título independiente | spa |
| Código de lengua original | spa |
| 082 ## - NÚMERO DE LA CLASIFICACIÓN DECIMAL DEWEY | |
| Número de edición | 21 |
| Número de clasificación | 720 |
| 092 ## - ASIGNACIÓN LOCAL DE SIGNATURA TOPOGRÁFICA DEWEY (OCLC) | |
| Número de clasificación | 720 |
| Signatura Librística | C566 |
| 100 ## - ENTRADA PRINCIPAL--NOMBRE DE PERSONA | |
| Nombre de persona | Cianchetta Alessandra, Molteni Enrico |
| Término indicativo de función/relación | Autor |
| 9 (RLIN) | 6036 |
| 245 ## - MENCIÓN DEL TÍTULO | |
| Título | Álvaro Siza |
| Subtítulo | Casas 1954-2004 |
| Mención de responsabilidad, etc. | Alessandra Cianchetta, Enrico Molteni |
| 250 ## - MENCION DE EDICION | |
| Mención de edición | Primera edición |
| 260 ## - PUBLICACIÓN, DISTRIBUCIÓN, ETC. | |
| Lugar de publicación, distribución, etc. | Barcelona: |
| Nombre del editor, distribuidor, etc. | Gustavo Gili, SA |
| Fecha de publicación, distribución, etc. | 2004 |
| 300 ## - DESCRIPCIÓN FÍSICA | |
| Extensión | 231 páginas; |
| Otras características físicas | Tapa dura |
| Dimensiones | 24 x 28 centímetros |
| 505 ## - NOTA DE CONTENIDO CON FORMATO | |
| Nota de contenido con formato | 7. Introducción |
| 505 ## - NOTA DE CONTENIDO CON FORMATO | |
| Nota de contenido con formato | 9. Vivir una casa, Alvaro Siza |
| 505 ## - NOTA DE CONTENIDO CON FORMATO | |
| Nota de contenido con formato | 11. Conversación sobre el tema de la casa |
| 505 ## - NOTA DE CONTENIDO CON FORMATO | |
| Nota de contenido con formato | 13. Una autentica casa, Enrico Molteni |
| 505 ## - NOTA DE CONTENIDO CON FORMATO | |
| Nota de contenido con formato | 17. Repertorio de las casas |
| 520 ## - RESUMEN, ETC. | |
| Sumario, etc. | Álvaro Siza. El interés de este libro radica en la claridad que rige la selección de sus casas proyectadas y realizadas a lo largo de cincuenta años, desde las primeras cuatro casas en Matosinhos hasta la reciente casa en Mallorca y que intenta cubrir el vacío que, respecto al tema, presentan otros estudios de su obra. El libro constituye un verdadero viaje por el interior de las casas, siempre con la esperanza del encuentro inesperado, de la sorpresa y del descubrimiento. |
| 521 ## - NOTA DE PÚBLICO DESTINATARIO | |
| Nota de público destinatario | Está dirigido a estudiantes y Profesionales del area de ciencias y artes de habitad |
| 600 ## - PUNTO DE ACCESO ADICIONAL DE MATERIA--NOMBRE DE PERSONA | |
| Fuente del encabezamiento o término | ADMINISTRACION |
| 650 ## - PUNTO DE ACCESO ADICIONAL DE MATERIA--TÉRMINO DE MATERIA | |
| Fuente del encabezamiento o término | HISTORIA, TALLER |
| 653 ## - TÉRMINO DE INDIZACIÓN--NO CONTROLADO | |
| Término no controlado | PROYECTOS DE REFERENCIA |
| 653 ## - TÉRMINO DE INDIZACIÓN--NO CONTROLADO | |
| Término no controlado | VIVIENDA FAMILIAR |
| 942 ## - ELEMENTOS DE ENTRADA SECUNDARIOS (KOHA) | |
| Fuente del sistema de clasificación o colocación | Clasificación Decimal Dewey |
| Suprimir en OPAC | No |
| Tipo de ítem Koha | Libros |
| Edición | 21 |
| Estatus retirado | Estado de pérdida | Fuente del sistema de clasificación o colocación | Estado de daño | No para préstamo | Colección | Biblioteca de origen | Biblioteca actual | Ubicación en estantería | Fecha de adquisición | Número de inventario | Signatura topográfica completa | Código de barras | Visto por última vez | Precio de reemplazo | Tipo de ítem Koha |
|---|---|---|---|---|---|---|---|---|---|---|---|---|---|---|---|
| Clasificación Decimal Dewey | Tecnología (Ciencias Aplicadas) | Biblioteca Especializada de Arquitectura | Biblioteca Especializada de Arquitectura | Ingeniería | 19/08/2013 | UPEA SBAOA06-0029 | 720 | UPEA SBAOA06-0029 | 19/08/2025 | 19/08/2025 | Libros |